000 00647nam a22002057a 4500
003 OSt
005 20260609124109.0
008 260609b |||||||| |||| 00| 0 eng d
020 _a0435088637
040 _cChuka University Library
050 _aLB 1573 .F6 1996 C.10
100 _aFountas, Irene C.
_927725
245 _aGuide Reading
_bGood First Teaching For All children
260 _aPortsmouth
_bHeinemann
_c1996
300 _aVarious Paging
_bBibliographical References, Index and Illustrations
650 _aTeaching---Children
_927936
700 _aGiacobbe, Mary Ellen
_927937
700 _aGay Su Pinnel
_927875
942 _2lcc
_cBK
_n0
999 _c23651
_d23651